Songs About America - Statistics

General Stats
  • This quiz has been taken 49 times
  • The average score is 7 of 12
Answer Stats
Song Artist % Correct
Born in the U.S.A. Bruce Springsteen
98%
American Idiot Green Day
87%
American Pie Don McLean
82%
Californication Red Hot Chili Peppers
82%
Empire State of Mind Jay Z
64%
Party in the U.S.A. Miley Cyrus
64%
This is America Childish Gambino
42%
Living in America James Brown
42%
R.O.C.K. in the U.S.A. John Mellencamp
42%
Kids in America Kim Wilde
33%
American Boy Estelle
18%
American Life Madonna
7%
No matching quizzes found
Score Distribution
Percent of People with Each Score
Percentile by Number Answered
Your Score History
You have not taken this quiz